Versos (Record no. 94722)

MARC details
000 -LEADER
campo de control de longitud fija 00533nam a2200181 i 4500
001 - NÚMERO DE CONTROL
campo de control 94722
003 - IDENTIFICADOR DE NÚMERO DE CONTROL
campo de control ES-MaACL
005 - FECHA Y HORA DE LA ÚLTIMA TRANSACCIÓN
campo de control 20230906181535.0
007 - CAMPO FIJO DE DESCRIPCIÓN FÍSICA--INFORMACIÓN GENERAL
campo de control de longitud fija t|
008 - DATOS DE LONGITUD FIJA--INFORMACIÓN GENERAL
campo de control de longitud fija 050512s1938 cu ||||1| spa d
100 1# - ENTRADA PRINCIPAL--NOMBRE DE PERSONA
Nombre de persona Loynaz, Dulce María.
9 (RLIN) 74401
245 10 - MENCIÓN DEL TÍTULO
Título Versos
Resto del título : 1920-1938 /
Mención de responsabilidad, etc. por Dulce María Loynaz.
250 ## - MENCION DE EDICION
Mención de edición [1ª ed.] (1).
260 ## - PUBLICACIÓN, DISTRIBUCIÓN, ETC.
Lugar de publicación, distribución, etc. La Habana :
Nombre del editor, distribuidor, etc. [s.n.],
Fecha de publicación, distribución, etc. 1938 (
Fabricante Imp. Ucar, García et Cía)
300 ## - DESCRIPCIÓN FÍSICA
Extensión 144 p., 4 h. ;
Dimensiones 19 cm.
500 ## - NOTA GENERAL
Nota general (1).- En la dedicatoria.
852 ## - LOCALIZACIÓN
Ubicación ES-MaACL
Número de control de estantería C-4814
Sublocalización o colección R.25160
Holdings
Estatus retirado Estado de pérdida Estado de daño No para préstamo Biblioteca de origen Biblioteca actual Ubicación en estantería Fecha de adquisición Fuente de adquisición Total de préstamos Signatura topográfica completa Código de barras Visto por última vez Precio de reemplazo Tipo de ítem Koha
        Biblioteca del Ateneo de Madrid Biblioteca del Ateneo de Madrid Sala Palomar 17/01/2008     C-4814 1098923 23/02/2023 23/02/2023 Libro impreso